01174nam a2200289 a 450000100060000000300080000600500170001400800410003102000230007202000230009503500190011804000270013704100080016408200250017210000310019724500820022825000120031026000650032230000350038750400500042265000310047270000280050394200120053199900170054395201740056095201500073454881BD-RjUL20211209080200.0161112s2000 ii a b 001 0 eng  a1558605770 (paper) a1558605142 (cloth) a(BD-RjUL)55003 aDLCcDLCdBD-RjULbeng aeng00a004.65223bPEC 20001 aPeterson, Larry L.916359710aComputer networks :ba systems approach /cLarry L. Peterson, Bruce S. Davie. a2nd ed. aSan Francisco, Calif. :bMorgan Kaufmann Publishers,cc2000. axxvi, 748 p. :bill. ;c25 cm. aIncludes Bibliographical References and Index 0aComputer networks.91635991 aDavie, Bruce S.9163600 2ddccBK c54881d54881 00102ddc40708NFICaRUCLbRUCLcStackd2006-05-21eDhaka,Paragon Enterprise Lit.,g375.00l3m2o004.65 PEC 2000r2019-12-18 00:00:00s2019-11-24tC-2w2016-11-12yBK 00102ddc40718NFICaRUCLbRUCLcReadingd2006-05-21eParagon enterprise.g375.00l0o004.65 PEC 2000r2017-03-14 00:00:00tC-1w2017-03-14yBK